YOGA NND NISARGOPACHAR (Record no. 8584)

MARC details
000 -LEADER
fixed length control field 00290nam a22001337a 4500
003 - CONTROL NUMBER IDENTIFIER
control field SGT
082 ## - DEWEY DECIMAL CLASSIFICATION NUMBER
Classification number 615.535
Item number Y11S
100 ## - MAIN ENTRY--PERSONAL NAME
Personal name SHARMA, CHANDRABHAN
245 ## - TITLE STATEMENT
Title YOGA NND NISARGOPACHAR
260 ## - PUBLICATION, DISTRIBUTION, ETC. (IMPRINT)
Place of publication, distribution, etc VARANASI
Name of publisher, distributor, etc CHAUKHAMBHA PUB
Year of Publication 2011
300 ## - PAGE DESCRIPTION
No. of Pages 254
650 ## - SUBJECT ADDED ENTRY--TOPICAL TERM
Topical term or geographic name as entry element YOGA
942 ## - ADDED ENTRY ELEMENTS (KOHA)
Source of classification or shelving scheme Dewey Decimal Classification
Koha item type Books
942 ## - ADDED ENTRY ELEMENTS (KOHA)
-- 1
Holdings
Withdrawn status Lost status Source of classification or shelving scheme Damaged status Not for loan Collection code Home library Current library Shelving location Date acquired Vendor Name Cost, normal purchase price SGTU Bill Number Total Checkouts Full call number Accession No. (Barcode) Date last seen Date last borrowed Bill Date Koha item type Use restrictions
    Dewey Decimal Classification     AYURVEDA SGT FA-FP Library SGT FA-FP Library Text Book 25/03/2016 CHAUKHAMBHA 250.00 SGTU CP/B/776 3 615.535 Y11S FA4384 21/06/2024 21/06/2024 05/01/2016 Books  
    Dewey Decimal Classification     AYURVEDA SGT FA-FP Library SGT FA-FP Library Text Book 25/03/2016 CHAUKHAMBHA 250.00 SGTU CP/B/776   615.535 Y11S FA4385 25/03/2016   05/01/2016 Books  
    Dewey Decimal Classification     AYURVEDA SGT FA-FP Library SGT FA-FP Library Text Book 25/03/2016 CHAUKHAMBHA 250.00 SGTU CP/B/776   615.535 Y11S FA4386 25/03/2016   05/01/2016 Books  
    Dewey Decimal Classification     AYURVEDA SGT FA-FP Library SGT FA-FP Library Text Book 25/03/2016 CHAUKHAMBHA 250.00 SGTU CP/B/776   615.535 Y11S FA4387 25/03/2016   05/01/2016 Books  
    Dewey Decimal Classification     AYURVEDA SGT FA-FP Library SGT FA-FP Library Text Book 25/03/2016 CHAUKHAMBHA 250.00 SGTU CP/B/776 1 615.535 Y11S FA4388 15/05/2019 15/05/2019 05/01/2016 Books  
    Dewey Decimal Classification     AYURVEDA SGT FA-FP Library SGT FA-FP Library Reference Book 25/03/2016 CHAUKHAMBHA 250.00 SGTU CP/B/776   615.535 Y11S FA4389 25/03/2016   05/01/2016 Books Restricted Access
    Dewey Decimal Classification     AYURVEDA SGT FA-FP Library SGT FA-FP Library Text Book 25/03/2016 CHAUKHAMBHA 250.00 SGTU CP/B/776 2 615.535 Y11S FA4390 10/09/2021 23/07/2021 05/01/2016 Books  
    Dewey Decimal Classification     AYURVEDA SGT FA-FP Library SGT FA-FP Library Text Book 25/03/2016 CHAUKHAMBHA 250.00 SGTU CP/B/776   615.535 Y11S FA4391 25/03/2016   05/01/2016 Books